| 000 | 01267nam a22002057a 4500 | ||
|---|---|---|---|
| 005 | 20240724233246.0 | ||
| 008 | s2554 th ||||| |||| 00| 0 tha d | ||
| 050 | _aHE273.55 ค149ผ 2554 | ||
| 245 | 1 | 0 | _aแผนการลงทุนด้านการขนส่งและจราจรของกระทรวงคมนาคม พ.ศ. 2554-2563 |
| 260 | 3 |
_aกรุงเทพฯ : _bสำนักงานนโยบายและแผนการขนส่งและจราจร กระทรวงคมนาคม, _c2554 |
|
| 300 |
_a1 เล่ม : _b ตาราง, แผนที่ ; _c 29 ซม. |
||
| 610 | _aกระทรวงคมนาคม. สำนักงานนโยบายและแผนการขนส่งและจราจร | ||
| 650 | 0 | 4 | _aกระทรวงคมนาคม -- การวางแผน -- วิจัย |
| 650 | 0 | 4 | _aกระทรวงคมนาคม -- วิจัย |
| 850 | _aNALT | ||
| 942 |
_cRSH _02 |
||
| 997 | _aบ23733 | ||
| 997 | _c000000000063306 | ||
| 998 |
_aนางสุกัญญา กัลยา _j8 _k บัณฑิต อุทาวงค์ |
||
| 999 |
_c63306 _d63306 |
||